Statistics for The Ultimate The Hobbit Character Quiz - The Book

Click here to take the quiz!

General Stats

  • This quiz has been taken 1,518 times
  • The average score is 27 of 50

Answer Stats

Answer% Correct
Bilbo Baggins
99%
Gandalf
96%
Smaug
93%
Thorin Oakenshield
91%
Bombur
84%
Fili
84%
Gloin
84%
Kili
84%
Balin
83%
Bofur
80%
Dwalin
80%
Oin
80%
Radagast
80%
Bifur
79%
Nori
77%
Ori
76%
Bard
75%
Elrond
74%
Dori
73%
Elvenking
71%
Necromancer
69%
Thrain*
65%
Thrain the Old*
65%
Thror*
61%
Dain
59%
Sackville-Bagginses
53%
Tom
53%
Azog*
49%
William Huggins
45%
Beorn
43%
Bolg
42%
Durin*
42%
Bert
39%
Gollum
38%
Master of the Lake-town
35%
Belladonna Took*
28%
Old Took*
26%
Bungo Baggins*
25%
The Great Goblin
24%
Bullroarer Took*
22%
Roäc
22%
The Great Eagle
21%
Carc*
18%
Nain*
18%
Galion
13%
Girion*
13%
Golfimbul*
8%
King of Gondolin*
7%
Mr. Grubb
6%
Mr. Burrowes
5%

Score Distribution

Percentile by Number Answered

Percent of People with Each Score

Your Score History

You have not taken this quiz